000
00301nam a22001217a 4500
008
180221b xxu||||| |||| 00| 0 eng d
041
_a
eng
080
_a
34
100
_a
14
101
_a
JUR
245
_a
ANTITRUST LAW POLICY PROCEDURES CASES MATERIALS PROBLEMS
_c
SULLIVAN/TH
942
_2
udc
_c
BK
999
_c
43084
_d
43084